| 000 | 01317nam a2200253Ia 4500 | ||
|---|---|---|---|
| 999 |
_c5084 _d5084 |
||
| 003 | OSt | ||
| 005 | 20200519152210.0 | ||
| 008 | 191128s2011 a grt 000 0 spa d | ||
| 020 | _a9789503200285 | ||
| 040 |
_aCO-JMCR _cCO-JMCR |
||
| 041 | 0 | _aspa | |
| 082 | 0 | 4 |
_a310 .9 / _bC718m _223 |
| 111 | 1 |
_aColombia. Ministerio de Economía y Finanzas Públicas _94502 |
|
| 245 | 1 | 0 |
_aManual de validación de estadísticas armonizadas del Mercosur/ _cMinisterio de Economía y Finanzas Públicas |
| 250 | _aPrimera edición | ||
| 260 |
_aBuenos Aires : _bMinisterio de Economía y Finanzas Públicas, _c2011 |
||
| 300 |
_a87 páginas ; _c30 cm. |
||
| 490 | 0 | _aApoyo al monitoreo macroeconómico | |
| 505 | _aSistema de validación de las estadísticas armoniadas del Mercosur -- Subsistema de validación de las estadísticas fiscales armonizadas del Mercosur -- Subsistema de validación de las estadísticas monetarias armonizadas del Mercosur | ||
| 520 | _aEl trabajo de armonización de estadísticas del Mercosur comenzó en el año 2000, a partir de una iniciativa de los entonces Ministros de Economía, Hacienda y Presidentes de Bandos Centrales de los países del Mercosur. | ||
| 650 | 1 | 4 |
_aEstadísticas _xManuales de procedimientos _94503 |
| 650 | 2 | 4 |
_aCooperación internacional _94504 |
| 942 |
_2ddc _cBK |
||